| 000 | 01152cam a22002054a 4500 | ||
|---|---|---|---|
| 005 | 20250605164208.0 | ||
| 008 | 250528s ||||||||||||||||||||||||d | ||
| 035 | _a20135 | ||
| 020 | _a9289444312 | ||
| 040 |
_aGR-AtMCL _bgre _dGR-AtMCL _eAACR2 |
||
| 245 | 1 | _aGreece in the European Union / An Assessment | |
| 260 | _c2002 | ||
| 300 | _a96 | ||
| 520 | _aGreece's Accession to the European Communities, The Experience of Greece's Adaptation to the Community Acquis, Justice and Home Affairs: The Greek Contribution and Adaptation to the Acquis of the European Union and the Schengen Acquis, Convergence, The Common Agricultural Policy of the European Union, Greece's Positions on the Single European Act and the Treaties of Maastricht and Amsterdam and Nice, Greece and Economic and Monetary Union, Greece and the European Union's Foreign and Security Policy Mechanisms, The Institution of the Cultural Capital of Europe, The Three Greek Presidencies, Greece and the Enlargement of the European Union, Bibliography. | ||
| 700 | 1 |
_aPeraki-Naskou P _96158 |
|
| 942 | _cBK | ||
| 710 | 2 |
_aEuropean Commission _99764 |
|
| 999 |
_c5274 _d5274 |
||